000 00936cam a22002891 4500
001 11736
003 BD-RjUL
005 20211208235156.0
008 140127s1954 xx 001 0 eng d
035 _a(BD-RjUL)11785
035 _a(OCoLC)643145
040 _aDLC
_cDNLM
_dOClW-H
_dOCoLC
_dDLC
_d(BD-RjUL)
_beng
041 _aeng
060 0 0 _aWN 610
_bB635b 1954
082 0 0 _a612.014482
_bBLB
100 1 _aBlair, Henry A.
_936325
245 1 0 _aBiological effects of external radiation /
_cBy Henry A, Blair,
250 _a1st ed.
260 _aNew York :
_bMcGraw-Hill,
_cc1954.
300 _axvii, 508 p. :
_bill. ;
_c24cm.
504 _aIncludes Index
650 0 _aRadiation
_xPhysiological effect.
_927214
942 _2ddc
_cBK
999 _c11736
_d11736